LEADER 01098nam a22002411i 4500 001 991002667989707536 005 20040517142235.0 008 040624s1975 xxu|||||||||||||||||eng 035 $ab12959200-39ule_inst 035 $aARCHE-091688$9ExL 040 $aDip.to Beni Culturali$bita$cA.t.i. Arché s.c.r.l. Pandora Sicilia s.r.l. 082 04$a471.7 100 1 $aFranklin, James Lee$0184026 245 14$aThe Chronology and sequence of candidacies for the municipal magistracies attested in the pompeian parietal inscriptions a.d. 71-79 /$cJames Lee Franklin 260 $aAnn Arbor :$bDuke university,$c1975 300 $a315 p. ;$c20 cm 650 4$aIscrizioni pompeiane 907 $a.b12959200$b02-04-14$c12-07-04 912 $a991002667989707536 945 $aLE001 AN III 71$g1$i2001000048991$lle001$nC. 1$o-$pE0.00$q-$rl$s- $t0$u0$v0$w0$x0$y.i13560414$z12-07-04 996 $aChronology and sequence of candidacies for the municipal magistracies attested in the pompeian parietal inscriptions a.d. 71-79$9280225 997 $aUNISALENTO 998 $ale001$b12-07-04$cm$da $e-$feng$gxxu$h4$i1 LEADER 01550nam 2200409 n 450 001 996383112503316 005 20231212193747.0 035 $a(CKB)1000000000599568 035 $a(EEBO)2240852586 035 $a(UnM)99849406 035 $a(EXLCZ)991000000000599568 100 $a19920201d1636 uy | 101 0 $aeng 135 $aurbn#|||a|bb| 200 12$aA briefe catecheticall exposition of Christian doctrine$b[electronic resource] $eDivided into foure catechismes, comprising the doctrine of the 1. Two sacraments. 2. Lords prayer. 3. X. commandements. 4. And the Creed 210 $aLondon $cPrinted by G. M[iller] for Robert Bird, and are to be sold at his shop at the signe of the Bible in S. Lawrence-Lane$d1636 215 $a54 p 300 $aBy William Twisse. 300 $aThis edition erroneously attributed to Henry Burton by STC. 300 $aPrinter's name from STC. 300 $aFormerly STC 4138. 300 $aIdentified at STC 4138 on UMI microfilm. 300 $aSome leaves cropped; some tightly bound. 300 $aReproduction of the original in the British Library. 330 $aeebo-0018 606 $aCatechisms, English 615 0$aCatechisms, English. 700 $aTwisse$b William$f1578?-1646.$01001634 702 $aBurton$b Henry$f1578-1648, 801 0$bCu-RivES 801 1$bCu-RivES 801 2$bCStRLIN 801 2$bWaOLN 906 $aBOOK 912 $a996383112503316 996 $aA briefe catecheticall exposition of Christian doctrine$92311926 997 $aUNISA